| 000 | 01172nam a2200265Ia 4500 | ||
|---|---|---|---|
| 003 | Ost | ||
| 005 | 20260507074909.0 | ||
| 008 | 260507s9999||||xx |||||||||||||| ||und|| | ||
| 020 | _a9775024382 | ||
| 040 | _cfsecg | ||
| 041 | _aara | ||
| 082 | _a370.7 | ||
| 100 |
_aالغراب، إيمان محمد _eمؤلف |
||
| 245 | 0 |
_aالتعلم الإلكتروني : _bمدخل الى التدريب غير التقليدي / _c إيمان محمد الغراب |
|
| 260 |
_aالقاهرة: _bالمنظمة العربية للتنمية الإدارية, _c2003 |
||
| 300 |
_a73 صفحة؛ _bإيضاحات ؛ _c24 سم |
||
| 490 |
_aسلسلة بحوث ودراسات _v371 |
||
| 504 | _aببليوغرافيا: ص.72؛ ملاحق ص.70 | ||
| 520 | _aعصر المعرفة ومتطلبات التعلم الإلكتروني، التحول من التدريب التقليدي الى التدريب عبر الشبكات، التدريب عبر الشبكات في الوطن العربي | ||
| 653 | _aالتعلم | ||
| 653 | _aالتعليم عن بعد | ||
| 653 | _aالتعليم- الوطن العربي | ||
| 653 | _aالشبكات | ||
| 942 | _cكتاب | ||
| 999 |
_c41720 _d41720 |
||